Suche die Kreise! - Kachelauswahl - Statistiken

Allgemein
  • Dieses Quiz wurde 256 mal gespielt
  • Das Durchschnittsergebnis liegt bei 255 aus 375
Antwortstatistiken
Frage Kachel Select % Korrekt
1 O, 24 X's. O Ja
95%
1 O, 24 X's. X Nein
93%
1 O, 24 X's. X Nein
93%
1 O, 24 X's. X Nein
93%
1 O, 24 X's. X Nein
93%
Verstanden? O Ja
92%
1 O, 24 X's. X Nein
92%
1 O, 24 X's. X Nein
92%
1 O, 24 X's. X Nein
92%
1 O, 24 X's. X Nein
92%
1 O, 24 X's. X Nein
92%
1 O, 24 X's. X Nein
92%
1 O, 24 X's. X Nein
92%
1 O, 24 X's. X Nein
92%
1 O, 24 X's. X Nein
92%
1 O, 24 X's. X Nein
92%
1 O, 24 X's. X Nein
92%
1 O, 24 X's. X Nein
92%
1 O, 24 X's. X Nein
92%
1 O, 24 X's. X Nein
92%
1 O, 24 X's. X Nein
92%
1 O, 24 X's. X Nein
92%
1 O, 24 X's. X Nein
92%
1 O, 24 X's. X Nein
92%
1 O, 24 X's. X Nein
92%
Verstanden? X Nein
92%
Verstanden? X Nein
92%
Verstanden? X Nein
92%
Verstanden? X Nein
92%
Verstanden? X Nein
92%
Verstanden? X Nein
92%
Verstanden? X Nein
92%
Verstanden? X Nein
92%
Verstanden? X Nein
92%
Verstanden? X Nein
92%
Verstanden? X Nein
92%
Verstanden? X Nein
92%
Verstanden? X Nein
92%
Verstanden? X Nein
92%
Verstanden? X Nein
92%
Verstanden? X Nein
92%
Verstanden? X Nein
92%
1 O, 24 X's. X Nein
91%
Verstanden? X Nein
91%
Verstanden? X Nein
91%
Verstanden? X Nein
91%
Verstanden? X Nein
91%
Verstanden? X Nein
91%
Verstanden? X Nein
91%
Verstanden? X Nein
91%
Du schaffst das. O Ja
89%
Gut. X Nein
89%
Gut. X Nein
89%
Gut. X Nein
89%
Gut. X Nein
89%
Gut. X Nein
89%
Gut. X Nein
89%
Gut. X Nein
89%
Gut. X Nein
89%
Gut. X Nein
89%
Gut. X Nein
89%
Gut. X Nein
89%
Gut. X Nein
89%
Gut. X Nein
89%
Gut. X Nein
89%
Gut. X Nein
89%
Gut. X Nein
89%
Gut. X Nein
89%
Gut. X Nein
89%
Gut. X Nein
89%
Gut. X Nein
89%
Gut. X Nein
89%
Du schaffst das. X Nein
89%
Du schaffst das. X Nein
89%
Du schaffst das. X Nein
89%
Du schaffst das. X Nein
89%
Du schaffst das. X Nein
89%
Du schaffst das. X Nein
89%
Du schaffst das. X Nein
89%
Du schaffst das. X Nein
89%
Du schaffst das. X Nein
89%
Du schaffst das. X Nein
89%
Du schaffst das. X Nein
89%
Du schaffst das. X Nein
89%
Du schaffst das. X Nein
89%
Du schaffst das. X Nein
89%
Du schaffst das. X Nein
89%
Du schaffst das. X Nein
89%
Du schaffst das. X Nein
89%
Du schaffst das. X Nein
89%
Du schaffst das. X Nein
89%
Du schaffst das. X Nein
89%
Du schaffst das. X Nein
89%
Du schaffst das. X Nein
89%
Du schaffst das. X Nein
89%
Du schaffst das. X Nein
89%
Gut. O Ja
88%
Gut. X Nein
88%
Gut. X Nein
88%
Gut. X Nein
88%
Schneller! O Ja
85%
Schneller! X Nein
85%
Schneller! X Nein
85%
Schneller! X Nein
85%
Schneller! X Nein
85%
Schneller! X Nein
85%
Schneller! X Nein
85%
Schneller! X Nein
85%
Schneller! X Nein
85%
Schneller! X Nein
85%
Schneller! X Nein
85%
Schneller! X Nein
85%
Schneller! X Nein
85%
Schneller! X Nein
85%
Schneller! X Nein
85%
Schneller! X Nein
85%
Schneller! X Nein
85%
Schneller! X Nein
85%
Schneller! X Nein
85%
Schneller! X Nein
85%
Schneller! X Nein
85%
Schneller! X Nein
85%
Schneller! X Nein
85%
Schneller! X Nein
85%
Schneller! X Nein
85%
Viel Zeit ist nicht mehr. O Ja
82%
Viel Zeit ist nicht mehr. X Nein
82%
Viel Zeit ist nicht mehr. X Nein
82%
Viel Zeit ist nicht mehr. X Nein
82%
Viel Zeit ist nicht mehr. X Nein
82%
Viel Zeit ist nicht mehr. X Nein
82%
Viel Zeit ist nicht mehr. X Nein
82%
Viel Zeit ist nicht mehr. X Nein
82%
Viel Zeit ist nicht mehr. X Nein
82%
Viel Zeit ist nicht mehr. X Nein
82%
Viel Zeit ist nicht mehr. X Nein
82%
Viel Zeit ist nicht mehr. X Nein
82%
Viel Zeit ist nicht mehr. X Nein
82%
Viel Zeit ist nicht mehr. X Nein
82%
Viel Zeit ist nicht mehr. X Nein
82%
Viel Zeit ist nicht mehr. X Nein
82%
Viel Zeit ist nicht mehr. X Nein
82%
Viel Zeit ist nicht mehr. X Nein
82%
Viel Zeit ist nicht mehr. X Nein
82%
Viel Zeit ist nicht mehr. X Nein
82%
Viel Zeit ist nicht mehr. X Nein
82%
Viel Zeit ist nicht mehr. X Nein
82%
Viel Zeit ist nicht mehr. X Nein
82%
Viel Zeit ist nicht mehr. X Nein
82%
Viel Zeit ist nicht mehr. X Nein
82%
Aber du weißt, wie das geht. O Ja
80%
Aber du weißt, wie das geht. X Nein
80%
Aber du weißt, wie das geht. X Nein
80%
Aber du weißt, wie das geht. X Nein
80%
Aber du weißt, wie das geht. X Nein
80%
Aber du weißt, wie das geht. X Nein
80%
Aber du weißt, wie das geht. X Nein
80%
Aber du weißt, wie das geht. X Nein
80%
Aber du weißt, wie das geht. X Nein
80%
Aber du weißt, wie das geht. X Nein
80%
Aber du weißt, wie das geht. X Nein
80%
Aber du weißt, wie das geht. X Nein
80%
Aber du weißt, wie das geht. X Nein
80%
Aber du weißt, wie das geht. X Nein
80%
Aber du weißt, wie das geht. X Nein
80%
Aber du weißt, wie das geht. X Nein
80%
Aber du weißt, wie das geht. X Nein
80%
Aber du weißt, wie das geht. X Nein
80%
Aber du weißt, wie das geht. X Nein
80%
Aber du weißt, wie das geht. X Nein
80%
Aber du weißt, wie das geht. X Nein
80%
Aber du weißt, wie das geht. X Nein
80%
Aber du weißt, wie das geht. X Nein
80%
Aber du weißt, wie das geht. X Nein
80%
Aber du weißt, wie das geht. X Nein
80%
Beeil dich! X Nein
75%
Beeil dich! X Nein
75%
Beeil dich! X Nein
75%
Beeil dich! X Nein
75%
Beeil dich! X Nein
75%
Beeil dich! X Nein
75%
Beeil dich! X Nein
75%
Beeil dich! X Nein
75%
Beeil dich! X Nein
75%
Beeil dich! X Nein
75%
Beeil dich! X Nein
75%
Beeil dich! X Nein
75%
Beeil dich! X Nein
75%
Beeil dich! X Nein
75%
Beeil dich! X Nein
75%
Beeil dich! X Nein
75%
Beeil dich! X Nein
75%
Beeil dich! X Nein
75%
Beeil dich! X Nein
75%
Beeil dich! X Nein
75%
Beeil dich! X Nein
75%
Beeil dich! X Nein
75%
Beeil dich! X Nein
75%
Beeil dich! O Ja
74%
Beeil dich! X Nein
74%
Mittlerweile bist du ja Profi. X Nein
72%
Mittlerweile bist du ja Profi. X Nein
72%
Mittlerweile bist du ja Profi. X Nein
72%
Mittlerweile bist du ja Profi. X Nein
72%
Mittlerweile bist du ja Profi. X Nein
72%
Mittlerweile bist du ja Profi. X Nein
72%
Mittlerweile bist du ja Profi. X Nein
72%
Mittlerweile bist du ja Profi. X Nein
72%
Mittlerweile bist du ja Profi. X Nein
72%
Mittlerweile bist du ja Profi. X Nein
72%
Mittlerweile bist du ja Profi. X Nein
72%
Mittlerweile bist du ja Profi. X Nein
72%
Mittlerweile bist du ja Profi. X Nein
72%
Mittlerweile bist du ja Profi. X Nein
72%
Mittlerweile bist du ja Profi. X Nein
72%
Mittlerweile bist du ja Profi. X Nein
72%
Mittlerweile bist du ja Profi. X Nein
72%
Mittlerweile bist du ja Profi. X Nein
72%
Mittlerweile bist du ja Profi. X Nein
72%
Mittlerweile bist du ja Profi. X Nein
72%
Mittlerweile bist du ja Profi. X Nein
72%
Mittlerweile bist du ja Profi. X Nein
72%
Mittlerweile bist du ja Profi. O Ja
71%
Mittlerweile bist du ja Profi. X Nein
71%
Mittlerweile bist du ja Profi. X Nein
71%
Du wirst es schaffen. X Nein
64%
Du wirst es schaffen. X Nein
64%
Du wirst es schaffen. X Nein
64%
Du wirst es schaffen. X Nein
64%
Du wirst es schaffen. X Nein
64%
Du wirst es schaffen. X Nein
64%
Du wirst es schaffen. X Nein
64%
Du wirst es schaffen. X Nein
64%
Du wirst es schaffen. X Nein
64%
Du wirst es schaffen. X Nein
64%
Du wirst es schaffen. X Nein
64%
Du wirst es schaffen. X Nein
64%
Du wirst es schaffen. X Nein
64%
Du wirst es schaffen. X Nein
64%
Du wirst es schaffen. X Nein
64%
Du wirst es schaffen. X Nein
64%
Du wirst es schaffen. X Nein
64%
Du wirst es schaffen. X Nein
64%
Du wirst es schaffen. X Nein
64%
Du wirst es schaffen. X Nein
64%
Du wirst es schaffen. X Nein
64%
Du wirst es schaffen. X Nein
64%
Du wirst es schaffen. O Ja
63%
Du wirst es schaffen. X Nein
63%
Du wirst es schaffen. X Nein
63%
Noch fünf Kreise. O Ja
57%
Noch fünf Kreise. X Nein
57%
Noch fünf Kreise. X Nein
57%
Noch fünf Kreise. X Nein
57%
Noch fünf Kreise. X Nein
57%
Noch fünf Kreise. X Nein
57%
Noch fünf Kreise. X Nein
57%
Noch fünf Kreise. X Nein
57%
Noch fünf Kreise. X Nein
57%
Noch fünf Kreise. X Nein
57%
Noch fünf Kreise. X Nein
57%
Noch fünf Kreise. X Nein
57%
Noch fünf Kreise. X Nein
57%
Noch fünf Kreise. X Nein
57%
Noch fünf Kreise. X Nein
57%
Noch fünf Kreise. X Nein
57%
Noch fünf Kreise. X Nein
57%
Noch fünf Kreise. X Nein
57%
Noch fünf Kreise. X Nein
57%
Noch fünf Kreise. X Nein
57%
Noch fünf Kreise. X Nein
57%
Noch fünf Kreise. X Nein
57%
Noch fünf Kreise. X Nein
57%
Noch fünf Kreise. X Nein
57%
Noch fünf Kreise. X Nein
57%
Wo ist dieser blöde Kreis? X Nein
51%
Wo ist dieser blöde Kreis? X Nein
51%
Wo ist dieser blöde Kreis? X Nein
51%
Wo ist dieser blöde Kreis? X Nein
51%
Wo ist dieser blöde Kreis? X Nein
51%
Wo ist dieser blöde Kreis? X Nein
51%
Wo ist dieser blöde Kreis? X Nein
51%
Wo ist dieser blöde Kreis? X Nein
51%
Wo ist dieser blöde Kreis? X Nein
51%
Wo ist dieser blöde Kreis? X Nein
51%
Wo ist dieser blöde Kreis? X Nein
51%
Wo ist dieser blöde Kreis? X Nein
51%
Wo ist dieser blöde Kreis? X Nein
51%
Wo ist dieser blöde Kreis? X Nein
51%
Wo ist dieser blöde Kreis? X Nein
51%
Wo ist dieser blöde Kreis? X Nein
51%
Wo ist dieser blöde Kreis? X Nein
51%
Wo ist dieser blöde Kreis? X Nein
51%
Wo ist dieser blöde Kreis? X Nein
51%
Wo ist dieser blöde Kreis? X Nein
51%
Wo ist dieser blöde Kreis? X Nein
51%
Wo ist dieser blöde Kreis? X Nein
51%
Wo ist dieser blöde Kreis? X Nein
51%
Wo ist dieser blöde Kreis? O Ja
50%
Wo ist dieser blöde Kreis? X Nein
50%
Liest du das hier überhaupt? X Nein
42%
Liest du das hier überhaupt? X Nein
42%
Liest du das hier überhaupt? X Nein
42%
Liest du das hier überhaupt? X Nein
42%
Liest du das hier überhaupt? X Nein
42%
Liest du das hier überhaupt? X Nein
42%
Liest du das hier überhaupt? X Nein
42%
Liest du das hier überhaupt? X Nein
42%
Liest du das hier überhaupt? X Nein
42%
Liest du das hier überhaupt? X Nein
42%
Liest du das hier überhaupt? X Nein
42%
Liest du das hier überhaupt? X Nein
42%
Liest du das hier überhaupt? X Nein
42%
Liest du das hier überhaupt? X Nein
42%
Liest du das hier überhaupt? X Nein
42%
Liest du das hier überhaupt? X Nein
42%
Liest du das hier überhaupt? X Nein
42%
Liest du das hier überhaupt? X Nein
42%
Liest du das hier überhaupt? X Nein
42%
Liest du das hier überhaupt? X Nein
42%
Liest du das hier überhaupt? X Nein
42%
Liest du das hier überhaupt? X Nein
42%
Liest du das hier überhaupt? X Nein
42%
Liest du das hier überhaupt? O Ja
41%
Liest du das hier überhaupt? X Nein
41%
Egal. O Ja
29%
Egal. X Nein
29%
Egal. X Nein
29%
Egal. X Nein
29%
Egal. X Nein
29%
Egal. X Nein
29%
Egal. X Nein
29%
Egal. X Nein
29%
Egal. X Nein
29%
Egal. X Nein
29%
Egal. X Nein
29%
Egal. X Nein
29%
Egal. X Nein
29%
Egal. X Nein
29%
Egal. X Nein
29%
Egal. X Nein
29%
Egal. X Nein
29%
Egal. X Nein
29%
Egal. X Nein
29%
Egal. X Nein
29%
Egal. X Nein
29%
Egal. X Nein
29%
Egal. X Nein
29%
Egal. X Nein
29%
Egal. X Nein
29%
Glückwunsch! X Nein
21%
Glückwunsch! X Nein
21%
Glückwunsch! X Nein
21%
Glückwunsch! X Nein
21%
Glückwunsch! X Nein
21%
Glückwunsch! X Nein
21%
Glückwunsch! X Nein
21%
Glückwunsch! X Nein
21%
Glückwunsch! X Nein
21%
Glückwunsch! X Nein
21%
Glückwunsch! X Nein
21%
Glückwunsch! X Nein
21%
Glückwunsch! X Nein
21%
Glückwunsch! X Nein
21%
Glückwunsch! X Nein
21%
Glückwunsch! X Nein
21%
Glückwunsch! X Nein
21%
Glückwunsch! X Nein
21%
Glückwunsch! X Nein
21%
Glückwunsch! X Nein
21%
Glückwunsch! X Nein
21%
Glückwunsch! X Nein
21%
Glückwunsch! X Nein
21%
Glückwunsch! O Ja
20%
Glückwunsch! X Nein
20%
Keine übereinstimmenden Quizze gefunden
Verteilung der Resultate
Anzahl Personen mit jedem Resultat
Perzentil nach korrekt beantworteten Fragen
Ihre Resultats-Entwicklung
Sie haben dieses Quiz noch nicht gespielt